Վերածնված երկիրը : (Record no. 462068)
[ view plain ]
| 000 -LEADER | |
|---|---|
| fixed length control field | 01007nam a2200229 a 4500 |
| 001 - CONTROL NUMBER | |
| control field | 000300001 |
| 003 - CONTROL NUMBER IDENTIFIER | |
| control field | AM-YEHGA |
| 005 - DATE AND TIME OF LATEST TRANSACTION | |
| control field | 20250618075423.0 |
| 008 - FIXED-LENGTH DATA ELEMENTS--GENERAL INFORMATION | |
| fixed length control field | 040116s1940 ai 000 | arm d |
| 040 ## - CATALOGING SOURCE | |
| Original cataloging agency | AM-YeHGA |
| 041 0# - LANGUAGE CODE | |
| Language code of text/sound track or separate title | arm |
| 090 ## - LOCALLY ASSIGNED LC-TYPE CALL NUMBER (OCLC); LOCAL CALL NUMBER (RLIN) | |
| -- | 465241 |
| 245 00 - TITLE STATEMENT | |
| Title | Վերածնված երկիրը : |
| Remainder of title | Ակնարկների և պատմվածքների ժողովածու / |
| Statement of responsibility, etc. | Խմբ.՝ Սիրաս, Ա. Հարենց, Հր. Գրիգորյան. |
| 260 ## - PUBLICATION, DISTRIBUTION, ETC. | |
| Place of publication, distribution, etc. | Երևան : |
| Name of publisher, distributor, etc. | Հայպետհրատ, |
| Date of publication, distribution, etc. | 1940. |
| 300 ## - PHYSICAL DESCRIPTION | |
| Extent | 316 էջ : |
| Other physical details | 2 թ. դիմանկ. ; |
| Dimensions | 21 սմ. |
| 650 14 - SUBJECT ADDED ENTRY--TOPICAL TERM | |
| Topical term or geographic name entry element | Հայ գրականություն |
| General subdivision | Ակնարկ |
| 9 (RLIN) | 4573 |
| 650 14 - SUBJECT ADDED ENTRY--TOPICAL TERM | |
| Topical term or geographic name entry element | Հայ գրականություն |
| General subdivision | Պատմվածք |
| 700 1# - ADDED ENTRY--PERSONAL NAME | |
| Personal name | Սիրաս, Հմայակ Սահակի, |
| Dates associated with a name | 1902-1983 |
| Relator term | խմբ. |
| Relationship | edt |
| 9 (RLIN) | 1945 |
| 700 1# - ADDED ENTRY--PERSONAL NAME | |
| Personal name | Հարությունյան, Արամայիս Բագրատի, |
| Dates associated with a name | 1910-1995 |
| Relator term | խմբ. |
| Relationship | edt |
| 9 (RLIN) | 2342 |
| 700 1# - ADDED ENTRY--PERSONAL NAME | |
| Personal name | Գրիգորյան, Հրաչյա Գևորգի, |
| Dates associated with a name | 1907-1969 |
| Relator term | խմբ. |
| Relationship | edt |
| 9 (RLIN) | 1647 |
| 942 ## - ADDED ENTRY ELEMENTS (KOHA) | |
| Source of classification or shelving scheme | Universal Decimal Classification |
| Koha item type | Գրքեր / Books |
| Withdrawn status | Lost status | Damaged status | Not for loan | Collection | Home library | Current library | Date acquired | Total checkouts | Full call number | Barcode | Date last seen | Price effective from | Koha item type | Public note |
|---|---|---|---|---|---|---|---|---|---|---|---|---|---|---|
| Kusikian Individual Collection | Fundamental Scientific Library | Fundamental Scientific Library | 30/04/2021 | Կուս/2745 | FL0638959 | 30/04/2021 | 30/04/2021 | Գրքեր / Books | ILL Non Circ |
ՀՀ Գիտությունների ազգային ակադեմիայի հիմնարար գիտական գրադարան = Fundamental Scientific Library of NAS RA
All site content, except where otherwise noted, is licensed under a